| 000 | 00706nac a22001811u 4500 | ||
|---|---|---|---|
| 008 | 100414t xxu||||| |||| 00| 0 eng d | ||
| 082 |
_a428.24 _bSOA |
||
| 100 |
_aSoars, John _913816 |
||
| 245 |
_aNew headway English course. Pre-Intermediate Class Cassette 2/ _cJohn and Liz Soars |
||
| 246 | _hAudio Cassette Class 2. | ||
| 260 |
_aOxford: _bOxford University Press, 2000 _cc2000 |
||
| 300 |
_a1 sound cassette : _b mono. ; _c 7 1/4 x 3 1/2 in. |
||
| 650 |
_aEnglish language _xAudio Cassette for foreign speakers and listener. _913544 _2BUEsh |
||
| 650 |
_aEnglish language _xGrammar -- Problems, exercises _913545 _2BUEsh |
||
| 651 | _2BUEsh | ||
| 700 |
_aSoars,Liz _913546 |
||
| 942 |
_cCT _k428.24 SOA _2ddc |
||
| 999 |
_c4626 _d4626 |
||